00689 a2200193 4500010001400000020002300014035001300037037001800050082001700068100002200085245008900107246002600196260003500222270006700257300002800324500005000352650003000402651006300432 aENG-85202 a8178241625c650.00 aEN-68735 bD.B.Act / ven14a324.254310831 aPandian, M. S. S.1 aBrahmin and non-Brahminbgenealogies of the Tamil political presentcM.S.S. Pandian.18aBrahmin & non-Brahmin aDelhibPermanent Black,c2007. aD-28, Oxford Apartments, I. P. ExtensionbDelhicDelhie110092 axi, 274 p.c22 cm. (Hb) aIncludes bibliographical references and index 0aCastezIndiazTamil Nadu. 0aTamil Nadu (India)xPolitics and governmenty20th century.